书目信息 |
| 书名: | Chemistry and physics of carbon | |
| 作者: | Philip L.Walker,JR.and Peter A.Thrower. | |
| 分册号: | ||
| 分册名: | 出版地: | New York, NY : |
|
| 出版社: | Marcel Dekker, Inc | |
| 出版时间: | 1973-. | |
| 页数: | 299. ; | |
| 开本: | 20cm. | |
| 丛书名: | ||
| 中图分类号: | ||
| 科图分类号: | ||
| 其他分类号: | O613.71:H31 | |
| 主题词: | ||
| 电子资源: | ||
| 000 | 01265nam 2200241 a 4500 | |
| 001 | E0751522072 | |
| 005 | 20070509100524.50 | |
| 008 | @1@1@1@1 uu | |
| 020 | @a0-8247-6816-7. | |
| 040 | @aCcBjTSG | |
| 049 | @aN5LA | |
| 050 | 4 | @aQD181.C1 @bC45 |
| 082 | 04 | @a546.681 |
| 090 | @a2/O613.71/CPC////////660543/ v.10/661425/ v.11/853416/ v.12/885954/ v.13/*867386/v.12,cop.2/*867387/v.12,cop.3/269216/ v.15/269801/ v.14/364008/v.15,cop.2/389711/ v.17/494653/ v.18/*976085/v.13,cop.2/*976086/v.13,cop.3/*976091/v.15,cop.3/*976092/v.15,cop.4/*976089/v.16,cop.2/*976090/v.16,cop.3/*976087/v.17,cop.2/*976088/v.17,cop.3/*976093/v.18,cop.2/*976094/v.18,cop.3/790273/ v.19/400315/ v.21/414525/ v.22/*1110292/v.19,cop.2/1157686/ v.24/*1110696/v.19,cop.3/1178729/ v.25 | |
| 090 | @aO613.71:H31 | |
| 096 | @aO613.71 @v2 | |
| 099 | @dO613.71:H31@ex2:15 | |
| 245 | 00 | @aChemistry and physics of carbon / @cPhilip L.Walker,JR.and Peter A.Thrower. |
| 260 | @aNew York, NY :@bMarcel Dekker, Inc.,@c1973-. | |
| 300 | @a299. ;@c20cm. | |
| 650 | 0 | @aCarbon. |
| 700 | 1 | @aWalker, P. L. @q(Philip L.), @d1928- @b00 @c20020930 @lNLC09 @h2245 @lNLC09 @h2247 @lNLC09 @h1838 @b40 @c20040615 @lNLC09 @h1517 @b40 @c20050906 @lNLC09 @h1423 |
| 852 | 9 | @bWWJC @cJ08S @k2 @hO613.71 @iCPC |
| Chemistry and physics of carbon / / Philip L.Walker,JR.and Peter A.Thrower.-New York, NY : : Marcel Dekker, Inc., , 1973-. |
| 299. ; ; 20cm. |
| ISBN 0-8247-6816-7. |
| ● |
| 相关链接 |
|
|
|
|
正题名:Chemistry and physics of carbon
索取号:O613.71:H31/x2:15
 
预约/预借
| 序号 | 登录号 | 条形码 | 馆藏地/架位号 | 状态 | 备注 |
| 1 | 128350 | 000637010 | 第四借阅区/ [索取号:O613.71:H31/x2:15] | 在馆 | |
| 2 | 128351 | 000637029 | 第四借阅区/ [索取号:O613.71:H31/x2:15] | 在馆 | |
| 3 | 128352 | 000637038 | 第四借阅区/ [索取号:O613.71:H31/x2:15] | 在馆 | |
| 4 | 128353 | 000637047 | 第四借阅区/ [索取号:O613.71:H31/x2:15] | 在馆 | |
| 5 | 128354 | 000637056 | 第二样本阅览室/ [索取号:O613.71:H31/x2:15] | 在馆 |